Central Library OPAC University of Rajshahi

حلقۂ ارباب ذوق / Ḥalqah-yi Arbāb-i Z̲auq / (Record no. 84954)

MARC details
000 -LEADER
fixed length control field 00779cam a2200253 a 4500
001 - CONTROL NUMBER
control field 84954
003 - CONTROL NUMBER IDENTIFIER
rucl marc code BD-RjUL
005 - DATE AND TIME OF LATEST TRANSACTION
control field 20250520093518.0
008 - FIXED-LENGTH DATA ELEMENTS--GENERAL INFORMATION
fixed length control field 250520s1954 pk b 000 0 urdo
035 ## - SYSTEM CONTROL NUMBER
System control number (BD-RjUL) 84954
040 ## - CATALOGING SOURCE
Original cataloging agency DLC
Transcribing agency DLC
Language of cataloging eng
041 ## - LANGUAGE CODE
Language code of text/sound track or separate title urd
082 ## - DEWEY DECIMAL CLASSIFICATION NUMBER
Edition number 23
Classification number 954.91
Author mark and year JAH 1954
100 1# - MAIN ENTRY--PERSONAL NAME
Personal name Jāved, Yūnus.
9 (RLIN) 15530
245 10 - TITLE STATEMENT
Title حلقۂ ارباب ذوق / Ḥalqah-yi Arbāb-i Z̲auq /
Statement of responsibility, etc. ىونس جاوىد., Yūnus Jāved
260 ## - PUBLICATION, DISTRIBUTION, ETC. (IMPRINT)
Place of publication, distribution, etc. Lahore :
Name of publisher, distributor, etc. urdu book satal ,
Date of publication, distribution, etc. 1954
300 ## - PHYSICAL DESCRIPTION
Pagination 240 p. ;
Size 22 cm.
490 ## - SERIES STATEMENT
Series statement نئی تحریریں ;
Volume/sequential designation 1
610 20 - SUBJECT ADDED ENTRY--CORPORATE NAME
Corporate name or jurisdiction name as entry element Ḥalqah-yi Arbāb-i Z̲auq (Pakistan)
650 ## - SUBJECT ADDED ENTRY--TOPICAL TERM
Topical term or geographic name as entry element History
Geographic subdivision (Pakistan)
9 (RLIN) 15532
830 ## - SERIES ADDED ENTRY--UNIFORM TITLE
Uniform title نئی تحریریں ;
Volume number/sequential designation 1
942 ## - ADDED ENTRY ELEMENTS (KOHA)
Source of classification or shelving scheme Dewey Decimal Classification
Koha item type Books
Holdings
Lost status Source of classification or shelving scheme Damaged status Not for loan Collection code Permanent Location Current Location Shelving location Date acquired Total Checkouts Full call number Date last seen Copy number Koha item type
  Dewey Decimal Classification   Not For Loan Non-fiction Central Library, University of Rajshahi Central Library, University of Rajshahi Reading Room 20/05/2025   U 954.91 JAH 1954 20/05/2025 C-1 Books
  Dewey Decimal Classification     Non-fiction Central Library, University of Rajshahi Central Library, University of Rajshahi General Stacks 07/08/2025   U 954.91 JAH 1954 07/08/2025 C-2 Books